[Event "UKR-ch U20"]
[Site "Lvov"]
[Date "2007.02.10"]
[Round "11"]
[White "Kravtsiv, Martyn"]
[Black "Zhornik, Nikolay"]
[Result "1-0"]
[WhiteElo "2464"]
[BlackElo "2365"]
[PlyCount "133"]
[EventDate "2007.01.31"]
[EventType "tourn"]
[EventRounds "11"]
[EventCountry "UKR"]
[EventCategory "7"]
[SourceTitle "CBM 116 Extra"]
[Source "ChessBase"]
[SourceDate "2007.03.07"]
[SourceVersion "1"]
[SourceVersionDate "2007.03.07"]
[SourceQuality "1"]

1. e4 c5 2. Nf3 Nc6 3. d4 cxd4 4. Nxd4 Qb6 5. Nb3 Nf6 6. Nc3 e6 7. Bd3 Be7 8. Be3 Qc7 9. f4 d6 10. Qf3 a6 11. 0-0 0-0 12. Rae1 Nb4 13. a3 Nxd3 14. cxd3 b5 15. Rc1 Qd7 16. e5 Bb7 17. exf6 Bxf3 18. fxe7 Rfb8 19. Rxf3 b4 20. axb4 Rxb4 21. Nd4 Rc8 22. Rc2 d5 23. f5 Rbb8 24. fxe6 fxe6 25. Bf4 Qxe7 26. Bxb8 Rxb8 27. Rff2 Rf8 28. Rxf8+ Kxf8 29. Nf3 g5 30. d4 g4 31. Nd2 h5 32. Ne2 Qb4 33. Nf1 a5 34. Kf2 a4 35. Ne3 Ke7 36. Nd1 Kf6 37. Ndc3 Kg5 38. Rd2 h4 39. g3 h3 40. Ke3 Kf5 41. Rd1 Kg5 42. Ra1 Qxb2 43. Rxa4 Qc2 44. Ra6 Kf5 45. Ra2 Qb3 46. Ra1 Qc2 47. Ra2 Qb3 48. Rd2 Kg5 49. Kf2 Kf5 50. Rd3 Qb2 51. Nd1 Qb1 52. Ne3+ Kg5 53. Nf4 Qb2+ 54. Kg1 Kf6 55. Nxg4+ Kf5 56. Nf2 Qb6 57. N4xh3 e5 58. dxe5 Kxe5 59. Nf4 d4 60. Ne2 Qb1+ 61. Rd1 Qb3 62. Nxd4 Qa4 63. Nf3+ Kf5 64. Kg2 Qa8 65. Rd6 Qb7 66. g4+ Kf4 67. Rd4+ 1-0

[Event "UKR-ch U20"]
[Site "Lvov"]
[Date "2007.02.08"]
[Round "9"]
[White "Vovk, Yuri"]
[Black "Zhornik, Nikolay"]
[Result "1-0"]
[WhiteElo "2497"]
[BlackElo "2365"]
[PlyCount "109"]
[EventDate "2007.01.31"]
[EventType "tourn"]
[EventRounds "11"]
[EventCountry "UKR"]
[EventCategory "7"]
[SourceTitle "CBM 116 Extra"]
[Source "ChessBase"]
[SourceDate "2007.03.07"]
[SourceVersion "1"]
[SourceVersionDate "2007.03.07"]
[SourceQuality "1"]

1. e4 c5 2. Nf3 d6 3. d4 cxd4 4. Nxd4 Nf6 5. Nc3 a6 6. f3 e5 7. Nb3 Be6 8. Be3 Nbd7 9. Qd2 Be7 10. 0-0-0 b5 11. g4 Nb6 12. g5 Nfd7 13. Nd5 Bxd5 14. exd5 Rc8 15. Rg1 Nc4 16. Qe1 Nxe3 17. Qxe3 Qb6 18. Qxb6 Nxb6 19. h4 g6 20. Rd3 h6 21. Nd2 hxg5 22. hxg5 Rh2 23. b4 Na4 24. Ra3 Rc3 25. Rxa4 bxa4 26. Bxa6 a3 27. Bd3 Bd8 28. Ne4 Rxd3 29. cxd3 Rxa2 30. Kb1 Rb2+ 31. Ka1 Bb6 32. Rb1 Rc2 33. Nxd6+ Kd7 34. Nb5 Rf2 35. Rb3 Rxf3 36. Rxa3 Rf5 37. Ra6 Be3 38. Nd6 Rxg5 39. Ne4 Rg2 40. d6 Ke6 41. Ra8 Kd7 42. Rf8 f5 43. Rf7+ Ke6 44. Re7+ Kd5 45. d7 Bb6 46. Nc5 f4 47. Rf7 Kd4 48. Rf6 Bd8 49. Rf8 Bb6 50. Na4 Bc7 51. Rc8 f3 52. Rxc7 f2 53. d8Q+ Ke3 54. Rc1 Rg1 55. Qb6+ 1-0

[Event "UKR-ch U20"]
[Site "Lvov"]
[Date "2007.02.03"]
[Round "4"]
[White "Zhornik, Nikolay"]
[Black "Vovk, Andrey"]
[Result "1/2-1/2"]
[WhiteElo "2365"]
[BlackElo "2487"]
[PlyCount "45"]
[EventDate "2007.01.31"]
[EventType "tourn"]
[EventRounds "11"]
[EventCountry "UKR"]
[EventCategory "7"]
[SourceTitle "CBM 116 Extra"]
[Source "ChessBase"]
[SourceDate "2007.03.07"]
[SourceVersion "1"]
[SourceVersionDate "2007.03.07"]
[SourceQuality "1"]

1. e4 c5 2. Nf3 e6 3. d4 cxd4 4. Nxd4 a6 5. Nc3 Qc7 6. Be2 Nf6 7. 0-0 Be7 8. f4 d6 9. Kh1 0-0 10. Qe1 Nc6 11. Be3 Nd7 12. Qg3 Kh8 13. Rad1 Rb8 14. f5 Nde5 15. Bg5 Nxd4 16. Rxd4 Bxg5 17. Qxg5 f6 18. fxe6 Bxe6 19. Qd2 Nf7 20. Bh5 Ne5 21. Be2 Nf7 22. Rd1 Qb6 23. b3 1/2-1/2

[Event "UKR-ch U20"]
[Site "Lvov"]
[Date "2007.02.02"]
[Round "3"]
[White "Tukhaev, Adam"]
[Black "Zhornik, Nikolay"]
[Result "1/2-1/2"]
[WhiteElo "2478"]
[BlackElo "2365"]
[PlyCount "76"]
[EventDate "2007.01.31"]
[EventType "tourn"]
[EventRounds "11"]
[EventCountry "UKR"]
[EventCategory "7"]
[SourceTitle "CBM 116 Extra"]
[Source "ChessBase"]
[SourceDate "2007.03.07"]
[SourceVersion "1"]
[SourceVersionDate "2007.03.07"]
[SourceQuality "1"]

1. e4 c5 2. Nf3 Nc6 3. d4 cxd4 4. Nxd4 Qb6 5. Nb3 Nf6 6. Nc3 e6 7. Be3 Qc7 8. f3 a6 9. Qd2 Be7 10. 0-0-0 d6 11. Kb1 0-0 12. g4 b5 13. g5 Nd7 14. Qf2 Nce5 15. h4 b4 16. Na4 Rb8 17. Nc1 Bb7 18. b3 d5 19. exd5 Bxd5 20. Bg2 Qc6 21. Ne2 Qb7 22. Nf4 Bc6 23. Nb2 Rfd8 24. Rhf1 Bb5 25. Rfe1 Bc6 26. Rf1 Bb5 27. Ne2 Bc6 28. Bd4 Rbc8 29. Nf4 Bd6 30. Nh5 Bf8 31. Ng3 a5 32. Ne4 a4 33. Qg3 Qc7 34. Rc1 a3 35. Nd3 Nxd3 36. Qxc7 Rxc7 37. cxd3 Rdc8 38. Nd2 Bd6 1/2-1/2

[Event "UKR-ch U20"]
[Site "Lvov"]
[Date "2007.02.01"]
[Round "2"]
[White "Zhornik, Nikolay"]
[Black "Kononenko, Dmitry"]
[Result "0-1"]
[WhiteElo "2365"]
[BlackElo "2495"]
[PlyCount "70"]
[EventDate "2007.01.31"]
[EventType "tourn"]
[EventRounds "11"]
[EventCountry "UKR"]
[EventCategory "7"]
[SourceTitle "CBM 116 Extra"]
[Source "ChessBase"]
[SourceDate "2007.03.07"]
[SourceVersion "1"]
[SourceVersionDate "2007.03.07"]
[SourceQuality "1"]

1. e4 c5 2. Nf3 Nc6 3. d4 cxd4 4. Nxd4 Qb6 5. Nb3 Nf6 6. Nc3 e6 7. Bd3 d6 8. 0-0 Be7 9. Be3 Qc7 10. f4 a6 11. Qf3 0-0 12. a3 b5 13. Kh1 Bb7 14. Nd4 Nxd4 15. Bxd4 e5 16. Be3 exf4 17. Bxf4 Nd7 18. Qg3 Ne5 19. Bh6 Ng6 20. Be3 Rfe8 21. Rf5 Bh4 22. Qg4 Qd8 23. Qh3 Bf6 24. Raf1 Bxc3 25. bxc3 f6 26. a4 Bc8 27. axb5 Bxf5 28. Bc4+ d5 29. exf5 dxc4 30. fxg6 hxg6 31. b6 Qd5 32. Bd4 Re7 33. Qg3 g5 34. h3 a5 35. Qg4 a4 0-1

[Event "UKR-ch 75th"]
[Site "Poltava"]
[Date "2006.11.25"]
[Round "1.2"]
[White "Zhornik, Nikolay"]
[Black "Miroshnichenko, Evgenij"]
[Result "1/2-1/2"]
[WhiteElo "2377"]
[BlackElo "2627"]
[PlyCount "100"]
[EventDate "2006.11.24"]
[EventType "k.o."]
[EventRounds "5"]
[EventCountry "UKR"]
[SourceTitle "CBM 116"]
[Source "ChessBase"]
[SourceDate "2007.02.01"]
[SourceVersion "1"]
[SourceVersionDate "2007.02.01"]
[SourceQuality "1"]

1. e4 c5 2. Nf3 d6 3. d4 cxd4 4. Nxd4 Nf6 5. Nc3 Nc6 6. Bg5 e6 7. Qd2 Be7 8. 0-0-0 Nxd4 9. Qxd4 0-0 10. f3 a6 11. h4 b5 12. Kb1 Bb7 13. Qd2 Qc7 14. Bd3 Rfd8 15. g4 d5 16. e5 Ne4 17. Qe1 Nxc3+ 18. Qxc3 Qxc3 19. bxc3 Rd7 20. Rhf1 Rc8 21. Bd2 Bd8 22. f4 Ba5 23. Kb2 Rdc7 24. f5 Bxc3+ 25. Bxc3 Rxc3 26. Rf4 R3c7 27. f6 gxf6 28. Rxf6 d4 29. Rdf1 Bd5 30. R1f2 Bc4 31. Be4 Rd8 32. g5 d3 33. cxd3 Bxd3 34. Bxd3 Rxd3 35. h5 Rg3 36. g6 hxg6 37. hxg6 Rxg6 38. Rxg6+ fxg6 39. Rf6 Rc6 40. Rxg6+ Kf7 41. Rf6+ Ke7 42. Rh6 Rc5 43. Rh7+ Kd8 44. Ra7 Rxe5 45. Rxa6 Kd7 46. Kc3 Rd5 47. a4 bxa4 48. Rxa4 Kd6 49. Rd4 Ke5 50. Rxd5+ Kxd5 1/2-1/2

[Event "Rodatychi op"]
[Site "Rodatychi"]
[Date "2006.08.31"]
[Round "8"]
[White "Lembak, Jurij"]
[Black "Zhornik, Nikolay"]
[Result "0-1"]
[WhiteElo "2210"]
[BlackElo "2377"]
[PlyCount "64"]
[EventDate "2006.08.27"]
[EventType "swiss"]
[EventRounds "9"]
[EventCountry "UKR"]
[SourceTitle "EXT 2008"]
[Source "ChessBase"]
[SourceDate "2007.11.25"]
[SourceVersion "1"]
[SourceVersionDate "2007.11.25"]
[SourceQuality "1"]

1. d4 Nf6 2. Nf3 d5 3. c4 e6 4. Nc3 c6 5. e3 Nbd7 6. Qc2 Bd6 7. Be2 0-0 8. 0-0 dxc4 9. Bxc4 b5 10. Bd3 Bb7 11. a4 b4 12. Ne4 Nxe4 13. Bxe4 Nf6 14. Bd3 c5 15. dxc5 Rc8 16. Qe2 Bxf3 17. gxf3 Rxc5 18. f4 e5 19. fxe5 Rxe5 20. e4 Rfe8 21. f4 Bc5+ 22. Kh1 Rd5 23. Bc2 b3 24. Qg2 Rd4 25. e5 bxc2 26. exf6 Qxf6 27. Qxc2 Rc4 28. Qg2 Rce4 29. Bd2 Re2 30. Rae1 Rxg2 31. Rxe8+ Bf8 32. Bb4 Rxh2+ 0-1

[Event "Rodatychi op"]
[Site "Rodatychi"]
[Date "2006.08.29"]
[Round "5"]
[White "Zhornik, Nikolay"]
[Black "Solovchuk, Alexey"]
[Result "1/2-1/2"]
[WhiteElo "2377"]
[BlackElo "2265"]
[PlyCount "153"]
[EventDate "2006.08.27"]
[EventType "swiss"]
[EventRounds "9"]
[EventCountry "UKR"]
[SourceTitle "EXT 2008"]
[Source "ChessBase"]
[SourceDate "2007.11.25"]
[SourceVersion "1"]
[SourceVersionDate "2007.11.25"]
[SourceQuality "1"]

1. e4 e5 2. Nf3 d6 3. d4 exd4 4. Nxd4 g6 5. Nc3 Bg7 6. Be3 Nf6 7. Qd2 Nc6 8. f3 0-0 9. 0-0-0 Re8 10. g4 Be6 11. h4 Nxd4 12. Bxd4 c5 13. Be3 Qa5 14. a3 Rad8 15. g5 Nh5 16. Nd5 Qxd2+ 17. Rxd2 Bxd5 18. Rxd5 Be5 19. Bb5 Re7 20. Bxc5 Nf4 21. Rd2 Bxb2+ 22. Kxb2 Re5 23. Bb4 Rxb5 24. c4 Rb6 25. c5 Rc6 26. a4 Kf8 27. cxd6 Ke8 28. Rg1 Kd7 29. a5 Rdc8 30. Rg4 Ne6 31. h5 gxh5 32. Rh4 Rc4 33. Ka3 Nxg5 34. Rxh5 h6 35. Rd3 Rh8 36. Kb3 Rc6 37. Bc3 Rh7 38. Be5 Rc5 39. Bd4 Rb5+ 40. Kc4 a6 41. e5 Rxa5 42. Rb3 b5+ 43. Kd5 Ne6 44. Be3 Ra4 45. Rc3 b4 46. Rb3 a5 47. f4 Ra1 48. f5 Rd1+ 49. Kc4 Ng7 50. Rh2 Nxf5 51. Ra2 Rh8 52. Rxa5 Rc8+ 53. Kxb4 Rb8+ 54. Rb5 Rxb5+ 55. Kxb5 Rd5+ 56. Ka6 Rxe5 57. Bf4 Rd5 58. Rh3 Rd4 59. Be5 Re4 60. Bh2 Rd4 61. Kb6 Rh4 62. Rxh4 Nxh4 63. Kc5 Nf3 64. Bf4 h5 65. Kd5 f5 66. Kc4 Nh4 67. Kd3 Ng6 68. Bh2 Ke6 69. Kd4 h4 70. Ke3 Kf6 71. Kf3 Nf8 72. Kg2 Kg5 73. Kh3 Ne6 74. d7 f4 75. d8Q+ Nxd8 76. Bxf4+ Kxf4 77. Kxh4 1/2-1/2

[Event "UKR-ch sf"]
[Site "Alushta"]
[Date "2006.05.21"]
[Round "9"]
[White "Shalimov, Valery"]
[Black "Zhornik, Nikolay"]
[Result "0-1"]
[WhiteElo "2430"]
[BlackElo "2313"]
[PlyCount "86"]
[EventDate "2006.05.13"]
[EventType "swiss"]
[EventRounds "9"]
[EventCountry "UKR"]
[SourceTitle "CBM 112 Extra"]
[Source "ChessBase"]
[SourceDate "2006.07.14"]
[SourceVersion "1"]
[SourceVersionDate "2006.07.14"]
[SourceQuality "1"]

1. Nf3 c5 2. b3 d6 3. e3 e5 4. Bb5+ Bd7 5. Bxd7+ Qxd7 6. c4 f5 7. Nc3 Nc6 8. 0-0 g6 9. d4 e4 10. d5 Nd8 11. Ng5 Bg7 12. Bb2 Nf6 13. Qc2 0-0 14. Rad1 h6 15. Nh3 g5 16. Kh1 Nf7 17. Ng1 Rae8 18. h3 Ne5 19. a3 a6 20. Nge2 Kh8 21. Ng3 h5 22. f4 exf3 23. Nxf5 Ne4 24. Qxe4 Rxf5 25. Qc2 Ref8 26. Ne4 g4 27. gxf3 Rxf3 28. Rxf3 Rxf3 29. Ng5 Rf5 30. Ne6 Qf7 31. Nf4 gxh3 32. Bxe5 Bxe5 33. Rf1 Bxf4 34. Qe4 Re5 35. Qf3 Qg6 36. exf4 Re3 37. Qf2 Qe4+ 38. Kg1 Rxb3 39. Re1 Qxc4 40. f5 Qd4 41. f6 Rg3+ 42. Kf1 Qd3+ 43. Re2 Rf3 0-1

[Event "UKR-ch sf"]
[Site "Alushta"]
[Date "2006.05.19"]
[Round "7"]
[White "Tukhaev, Adam"]
[Black "Zhornik, Nikolay"]
[Result "1/2-1/2"]
[WhiteElo "2466"]
[BlackElo "2313"]
[PlyCount "77"]
[EventDate "2006.05.13"]
[EventType "swiss"]
[EventRounds "9"]
[EventCountry "UKR"]
[SourceTitle "CBM 112 Extra"]
[Source "ChessBase"]
[SourceDate "2006.07.14"]
[SourceVersion "1"]
[SourceVersionDate "2006.07.14"]
[SourceQuality "1"]

1. e4 c5 2. Nf3 Nc6 3. Nc3 e5 4. Bc4 Be7 5. d3 Nf6 6. Ng5 0-0 7. f4 d6 8. f5 d5 9. Nxd5 Nxd5 10. Nxf7 Kxf7 11. Bxd5+ Ke8 12. Qh5+ Kd7 13. Qxh7 Bf6 14. Qh5 Kc7 15. Be3 Nd4 16. 0-0-0 Nxf5 17. Bxc5 Ne7 18. d4 Qe8 19. Qe2 exd4 20. Qc4 b5 21. Bd6+ Kxd6 22. Qb4+ Kc7 23. Bxa8 Bg4 24. Rdf1 Qxa8 25. Rxf6 gxf6 26. Qxe7+ Bd7 27. Qc5+ Bc6 28. Rf1 Kb7 29. Qe7+ Kb6 30. Rxf6 Rxf6 31. Qxf6 Qg8 32. Qxd4+ Kb7 33. g3 Qg4 34. a4 bxa4 35. Qb4+ Kc7 36. Qe7+ Kb6 37. Qb4+ Kc7 38. Qa5+ Kb7 39. Qb4+ 1/2-1/2

[Event "UKR-ch sf"]
[Site "Alushta"]
[Date "2006.05.13"]
[Round "1"]
[White "Podolsky, Anton"]
[Black "Zhornik, Nikolay"]
[Result "0-1"]
[WhiteElo "2004"]
[BlackElo "2313"]
[PlyCount "80"]
[EventDate "2006.05.13"]
[EventType "swiss"]
[EventRounds "9"]
[EventCountry "UKR"]
[SourceTitle "CBM 112 Extra"]
[Source "ChessBase"]
[SourceDate "2006.07.14"]
[SourceVersion "1"]
[SourceVersionDate "2006.07.14"]
[SourceQuality "1"]

1. e4 c5 2. Nf3 d6 3. d4 cxd4 4. Nxd4 Nf6 5. Nc3 a6 6. Be3 e5 7. Nb3 Be6 8. f3 Nbd7 9. Qd2 b5 10. 0-0-0 Be7 11. g4 Nb6 12. g5 Nfd7 13. h4 Nc4 14. Qf2 0-0 15. Nd5 Bxd5 16. Rxd5 Qc7 17. Rd1 a5 18. h5 Rfc8 19. c3 a4 20. Nd2 Nxb2 21. Nb1 Nxd1 22. Kxd1 b4 23. cxb4 d5 24. Bd3 Bxb4 25. exd5 Bc5 26. g6 fxg6 27. hxg6 h6 28. Bf5 Bxe3 29. Qxe3 Ra6 30. Nd2 Qc1+ 31. Ke2 Qxh1 32. Bxd7 Qh2+ 33. Kd1 Rd8 34. Be6+ Rxe6 35. dxe6 Rxd2+ 36. Qxd2 Qxd2+ 37. Kxd2 Kf8 38. Kc3 Ke7 39. Kb4 h5 40. Kxa4 h4 0-1

[Event "Evpatoria tt U20"]
[Site "Evpatoria"]
[Date "2006.05.07"]
[Round "5"]
[White "Ajrapetjan, Yuriy"]
[Black "Zhornik, Nikolay"]
[Result "1-0"]
[WhiteElo "2384"]
[BlackElo "2313"]
[PlyCount "91"]
[EventDate "2006.05.05"]
[EventType "team"]
[EventRounds "7"]
[EventCountry "UKR"]
[SourceTitle "CBM 112 Extra"]
[Source "ChessBase"]
[SourceDate "2006.07.14"]
[SourceVersion "1"]
[SourceVersionDate "2006.07.14"]
[SourceQuality "1"]

1. d4 e6 2. Nf3 f5 3. g3 Nf6 4. Bg2 d5 5. 0-0 c6 6. c4 Bd6 7. b3 Qe7 8. Bb2 0-0 9. Nbd2 Nbd7 10. Ne5 Ne4 11. Nd3 b6 12. Nf3 Bb7 13. Nfe5 Rac8 14. f3 Nef6 15. e3 c5 16. Rc1 Rfd8 17. Qe1 Bb8 18. Rf2 Nxe5 19. Nxe5 Nd7 20. Nd3 dxc4 21. bxc4 e5 22. d5 Rf8 23. e4 fxe4 24. Qxe4 Nf6 25. Qh4 b5 26. Bh3 bxc4 27. Be6+ Kh8 28. Nxe5 Bxe5 29. Bxe5 Rcd8 30. Bxf6 Qxf6 31. Qxc4 Bc8 32. Re1 Qd4 33. Qxd4 cxd4 34. Bxc8 Rxc8 35. Re4 d3 36. Rd4 Rc3 37. d6 Kg8 38. d7 Rd8 39. Rd2 Kf7 40. R4xd3 Rxd3 41. Rxd3 Ke6 42. Kf2 Rxd7 43. Rxd7 Kxd7 44. Ke3 Ke6 45. Ke4 g6 46. f4 1-0

[Event "Evpatoria tt U20"]
[Site "Evpatoria"]
[Date "2006.05.06"]
[Round "4"]
[White "Zhornik, Nikolay"]
[Black "Kravtsiv, Martyn"]
[Result "1-0"]
[WhiteElo "2313"]
[BlackElo "2379"]
[PlyCount "121"]
[EventDate "2006.05.05"]
[EventType "team"]
[EventRounds "7"]
[EventCountry "UKR"]
[SourceTitle "CBM 112 Extra"]
[Source "ChessBase"]
[SourceDate "2006.07.14"]
[SourceVersion "1"]
[SourceVersionDate "2006.07.14"]
[SourceQuality "1"]

1. e4 e5 2. Nf3 Nc6 3. Bb5 a6 4. Ba4 Nf6 5. 0-0 Be7 6. Re1 b5 7. Bb3 0-0 8. h3 d6 9. c3 Na5 10. Bc2 c5 11. d4 Nd7 12. dxc5 dxc5 13. Nbd2 Qc7 14. Nf1 Nc4 15. b3 Ncb6 16. Ne3 c4 17. Nf5 Nc5 18. Nxe7+ Qxe7 19. Ba3 Qc7 20. Qe2 cxb3 21. axb3 Bb7 22. Qe3 Rfc8 23. Bb4 Nbd7 24. Ba5 Qb8 25. b4 Ne6 26. Bb3 Qd6 27. Red1 Qe7 28. Rd2 h6 29. Rad1 Nef8 30. Nh2 Nf6 31. f3 Bc6 32. Nf1 Nh5 33. Qf2 Nf4 34. Ne3 Bd7 35. Nd5 Nxd5 36. Bxd5 Bc6 37. Bb3 Nd7 38. Rd6 Rab8 39. Rxd7 Bxd7 40. Qa7 Rd8 41. Bxd8 Rxd8 42. Qc7 Kh7 43. Rd6 Qg5 44. Rxd7 Qe3+ 45. Kf1 Qc1+ 46. Bd1 Rxd7 47. Qxd7 Qxc3 48. Qd6 f6 49. Be2 a5 50. bxa5 Qxa5 51. Qc5 Qa1+ 52. Kf2 b4 53. Qxb4 Qa7+ 54. Kg3 Qg1 55. Bb5 h5 56. h4 Qc1 57. Bd7 Kh6 58. Bf5 Qe3 59. Kh3 Qc1 60. Kh2 Qe3 61. Qb8 1-0

[Event "UKR-ch U20"]
[Site "Lvov"]
[Date "2006.02.10"]
[Round "9"]
[White "Onischuk, Vladimir"]
[Black "Zhornik, Nikolay"]
[Result "1/2-1/2"]
[WhiteElo "2362"]
[BlackElo "2280"]
[PlyCount "79"]
[EventDate "2006.02.02"]
[EventType "tourn"]
[EventRounds "11"]
[EventCountry "UKR"]
[EventCategory "6"]
[SourceTitle "CBM 110 Extra"]
[Source "ChessBase"]
[SourceDate "2006.03.10"]
[SourceVersion "2"]
[SourceVersionDate "2006.03.10"]
[SourceQuality "1"]

1. e4 c5 2. Nf3 d6 3. d4 cxd4 4. Nxd4 Nf6 5. Nc3 a6 6. Be2 e5 7. Nb3 Be7 8. 0-0 0-0 9. Bg5 Nbd7 10. a4 h6 11. Bh4 b6 12. Bc4 Bb7 13. Qe2 Qc7 14. Rfd1 Rfc8 15. Nd2 Bf8 16. Bxf6 Nxf6 17. Bb3 Rd8 18. Qd3 Rac8 19. Nf1 d5 20. Nxd5 Bxd5 21. exd5 a5 22. Ng3 Bd6 23. c3 g6 24. Re1 Re8 25. Rad1 Re7 26. Qf3 Kg7 27. Bc2 Rce8 28. Re2 e4 29. Nxe4 Nxe4 30. Rxe4 Bxh2+ 31. Kf1 Rxe4 32. Bxe4 Bd6 33. Bd3 Re5 34. Re1 Qe7 35. Rxe5 Qxe5 36. Bb5 Bc5 37. Bc4 Bd6 38. Be2 Qg5 39. Bd1 Qe5 40. Bc2 1/2-1/2

[Event "UKR-ch U20"]
[Site "Lvov"]
[Date "2006.02.05"]
[Round "4"]
[White "Zhornik, Nikolay"]
[Black "Sysoenko, Aleksey"]
[Result "1-0"]
[WhiteElo "2280"]
[BlackElo "2214"]
[PlyCount "63"]
[EventDate "2006.02.02"]
[EventType "tourn"]
[EventRounds "11"]
[EventCountry "UKR"]
[EventCategory "6"]
[SourceTitle "CBM 110 Extra"]
[Source "ChessBase"]
[SourceDate "2006.03.10"]
[SourceVersion "2"]
[SourceVersionDate "2006.03.10"]
[SourceQuality "1"]

1. e4 d6 2. d4 Nf6 3. Nc3 g6 4. Be3 Bg7 5. f3 Nc6 6. Qd2 e5 7. Nge2 0-0 8. 0-0-0 Bd7 9. g4 b5 10. d5 Ne7 11. Ng3 b4 12. Nce2 c6 13. dxc6 Nxc6 14. Kb1 Be6 15. g5 Ne8 16. h4 Qa5 17. Nc1 Nc7 18. Nb3 Qa4 19. Bh3 Nb5 20. h5 Rac8 21. hxg6 hxg6 22. Qh2 Ncd4 23. Bg4 Rfe8 24. Bxd4 Nxd4 25. Bxe6 Rxe6 26. Nxd4 exd4 27. f4 d5 28. f5 Ra6 29. f6 Bh6 30. a3 Qc6 31. exd5 Qc7 32. Ne4 1-0

[Event "UKR-ch U20"]
[Site "Lvov"]
[Date "2006.02.04"]
[Round "3"]
[White "Grekh, Andrey"]
[Black "Zhornik, Nikolay"]
[Result "1/2-1/2"]
[WhiteElo "2394"]
[BlackElo "2280"]
[PlyCount "93"]
[EventDate "2006.02.02"]
[EventType "tourn"]
[EventRounds "11"]
[EventCountry "UKR"]
[EventCategory "6"]
[SourceTitle "CBM 110 Extra"]
[Source "ChessBase"]
[SourceDate "2006.03.10"]
[SourceVersion "2"]
[SourceVersionDate "2006.03.10"]
[SourceQuality "1"]

1. e4 c5 2. c3 d5 3. exd5 Qxd5 4. d4 Nc6 5. Nf3 Bg4 6. Be2 e6 7. h3 Bh5 8. c4 Qd6 9. d5 Bxf3 10. Bxf3 Nd4 11. 0-0 e5 12. b4 cxb4 13. Bb2 Nf6 14. Bxd4 exd4 15. Qa4+ Qd7 16. Re1+ Kd8 17. Qd1 Rc8 18. Qxd4 Bc5 19. Qd3 Kc7 20. a3 bxa3 21. Nxa3 a6 22. Reb1 Qd6 23. Nc2 Nd7 24. Qc3 Rb8 25. Ra5 g6 26. Ne1 Ra8 27. Nd3 b6 28. Rxa6 Rxa6 29. Qxh8 Ra2 30. Ra1 Rxa1+ 31. Qxa1 f6 32. Qa7+ Kd8 33. Qa8+ Kc7 34. Bd1 Bd4 35. Ba4 Nb8 36. Bb5 h5 37. Qa7+ Kc8 38. Qg7 Qg3 39. Bc6 Qxd3 40. Qb7+ Kd8 41. Qxb8+ Ke7 42. d6+ Ke6 43. Bd5+ Kf5 44. Qc8+ Kg5 45. h4+ Kxh4 46. Qh3+ Qxh3 47. gxh3 1/2-1/2

[Event "UKR-ch U20"]
[Site "Lvov"]
[Date "2006.02.02"]
[Round "1"]
[White "Pavlov, Sergey1111"]
[Black "Zhornik, Nikolay"]
[Result "1/2-1/2"]
[WhiteElo "2453"]
[BlackElo "2280"]
[PlyCount "55"]
[EventDate "2006.02.02"]
[EventType "tourn"]
[EventRounds "11"]
[EventCountry "UKR"]
[EventCategory "6"]
[SourceTitle "CBM 110 Extra"]
[Source "ChessBase"]
[SourceDate "2006.03.10"]
[SourceVersion "2"]
[SourceVersionDate "2006.03.10"]
[SourceQuality "1"]

1. e4 c5 2. c3 e6 3. d4 d5 4. exd5 exd5 5. Nf3 Nf6 6. Bb5+ Bd7 7. Qe2+ Be7 8. Ne5 0-0 9. Nxd7 Nbxd7 10. 0-0 Re8 11. Qf3 a6 12. Bd3 Qb6 13. Rd1 Bd6 14. Bf1 Re6 15. b3 cxd4 16. cxd4 Ne4 17. Be3 Qc7 18. g3 g6 19. Nd2 f5 20. Rdc1 Qd8 21. Nxe4 dxe4 22. Qd1 Re8 23. Qd2 Qe7 24. Bg5 Qf8 25. Bh6 Qe7 26. Bg5 Qf8 27. Bh6 Qe7 28. Bg5 1/2-1/2

[Event "UKR-ch U20 qual"]
[Site "Lvov"]
[Date "2005.12.17"]
[Round "7"]
[White "Zhornik, Nikolay"]
[Black "Grinev, Valeriy"]
[Result "1-0"]
[WhiteElo "2251"]
[BlackElo "2241"]
[PlyCount "36"]
[EventDate "2005.12.11"]
[EventType "swiss"]
[EventRounds "9"]
[EventCountry "UKR"]
[SourceTitle "EXT 2007"]
[Source "ChessBase"]
[SourceDate "2006.11.23"]
[SourceVersion "1"]
[SourceVersionDate "2006.11.23"]
[SourceQuality "1"]

1. e4 c6 2. d4 d5 3. Nc3 g6 4. e5 Bg7 5. f4 h5 6. Nf3 Bg4 7. h3 Bxf3 8. Qxf3 h4 9. Bd3 Qb6 10. Ne2 e6 11. 0-0 Ne7 12. Be3 Nf5 13. Bf2 Bf8 14. b3 Be7 15. c4 a5 16. c5 Qc7 17. a3 Nd7 18. Kh2 0-0 1-0

[Event "UKR-ch sf"]
[Site "Alushta"]
[Date "2005.05.16"]
[Round "1"]
[White "Smirnov, Igor"]
[Black "Zhornik, Nikolay"]
[Result "1-0"]
[WhiteElo "2439"]
[BlackElo "2255"]
[PlyCount "77"]
[EventDate "2005.05.16"]
[EventType "swiss"]
[EventRounds "9"]
[EventCountry "UKR"]
[SourceTitle "CBM 106 Extra"]
[Source "ChessBase"]
[SourceDate "2005.07.01"]
[SourceVersion "1"]
[SourceVersionDate "2005.07.01"]
[SourceQuality "1"]

1. e4 c5 2. Nf3 d6 3. d4 cxd4 4. Nxd4 Nf6 5. Nc3 a6 6. f4 e6 7. Qf3 Qb6 8. Nb3 Nbd7 9. Be3 Qc7 10. g4 h6 11. 0-0-0 b5 12. Bd3 b4 13. Ne2 Bb7 14. Ng3 a5 15. Kb1 a4 16. Nd4 a3 17. Nb5 Qc6 18. b3 d5 19. e5 Ne4 20. Qe2 Nc3+ 21. Nxc3 Qxc3 22. Bc1 Bc5 23. Qe1 Qxe1 24. Rhxe1 Ba6 25. Bd2 Ke7 26. f5 Bxd3 27. cxd3 Rab8 28. Ne2 Nxe5 29. d4 Nf3 30. dxc5 Nxe1 31. Rxe1 h5 32. Nd4 hxg4 33. Nc6+ Kd7 34. Nxb8+ Rxb8 35. fxe6+ fxe6 36. c6+ Kxc6 37. Rxe6+ Kc5 38. Rg6 Re8 39. Rxg4 1-0

[Event "Kharkov op"]
[Site "Kharkov"]
[Date "2004.07.15"]
[Round "7"]
[White "Jarovinsky, Alexey"]
[Black "Zhornik, Nikolay"]
[Result "0-1"]
[WhiteElo "2368"]
[BlackElo "2280"]
[PlyCount "68"]
[EventDate "2004.07.08"]
[EventType "swiss"]
[EventRounds "9"]
[EventCountry "UKR"]
[SourceTitle "CBM 101 Extra"]
[Source "ChessBase"]
[SourceDate "2004.09.01"]
[SourceVersion "2"]
[SourceVersionDate "2004.09.01"]
[SourceQuality "1"]

1. e4 c5 2. Nc3 Nc6 3. g3 g6 4. Bg2 Bg7 5. d3 d6 6. Be3 Nf6 7. h3 0-0 8. Qd2 Rb8 9. f4 Nd7 10. Nf3 b5 11. 0-0 b4 12. Nd1 Nd4 13. Ne1 Ba6 14. f5 Ne5 15. Bh6 Bxh6 16. Qxh6 c4 17. dxc4 Bxc4 18. Rf2 d5 19. b3 Ba6 20. fxg6 hxg6 21. exd5 Qd6 22. c4 bxc3 23. Nxc3 f5 24. Rd1 Rbc8 25. Rxd4 Rxc3 26. Rh4 Kf7 27. g4 Ke8 28. gxf5 Qc5 29. b4 Qb6 30. Qd2 Rxf5 31. Rh8+ Kf7 32. Qxc3 Qxf2+ 33. Kh2 Rg5 34. Qc1 Nf3+ 0-1